There By Hangs A Tale/ (Record no. 216624)

MARC details
000 -LEADER
fixed length control field 00606nam a22001937a 4500
005 - DATE AND TIME OF LATEST TRANSACTION
control field 20260612114625.0
010 ## - LCCN (DPL NO)
LC control number ENG-148836
020 ## - INTERNATIONAL STANDARD BOOK NUMBER
Terms of availability 350.00
International Standard Book Number 9789392810602
035 ## - SYSTEM CONTROL NUMBER
System control number EN-132368
037 ## - SOURCE OF ACQUISITION
Source of stock number/acquisition DBAD
082 ## - DEWEY DECIMAL CLASSIFICATION NUMBER
Classification number 823.914
Edition number 1
100 ## - MAIN ENTRY--PERSONAL NAME
Personal name Yechury, Sitaram
245 ## - TITLE STATEMENT
Title There By Hangs A Tale/
Statement of responsibility, etc Sitaram Yechury
250 ## - EDITION STATEMENT
Edition statement 1
260 ## - PUBLICATION, DISTRIBUTION, ETC. (IMPRINT)
Place of publication, distribution, etc Hyderabad
Name of publisher, distributor, etc Nava Telangana Publishing House
Date of publication, distribution, etc 2025
270 ## - ADDRESS
Address M.H. Bhavan, Plot No. 21/1, Azamabad, Near RTC Kalyana Mantapam
City Hyderabad
Postal code 500020
Telephone number 9490099378
300 ## - PHYSICAL DESCRIPTION
Extent 272p.
Dimensions 22cm(pb)
942 ## - ADDED ENTRY ELEMENTS (KOHA)
Source of classification or shelving scheme Dewey Decimal Classification
Item type English Books
Call number suffix YEC
Classification part 823.914
Holdings
Withdrawn status Lost status Not for loan Collection code Home library Current library Date acquired Source of acquisition Cost, normal purchase price Full call number Barcode Copy number Cost, replacement price Koha item type
    Not For Loan Non-fiction D.B.Act.Division D.B.Act.Division 12/06/2026 Delivery of Books Act Division 350.00 YEC 823.914 EN-132368 1 350.00 English Books

© Delhi Public Library
Hit Counter
free hit counter